| 000 | 00663nab a2200181 a 4500 | ||
|---|---|---|---|
| 005 | 20210219161238.0 | ||
| 008 | 991125s1985 mx 000 0 spa u | ||
| 035 | _aUPN01000181370 | ||
| 100 | 1 | _aRay Bazan, José Antonio | |
| 222 | _aREVISTA MEXICANA DE INVESTIGACION EDUCATIVA | ||
| 245 | _aAnálisis de las demandas y mediaciones para la comprensión de textos expositivos en los libros de español y en los libros para el maestro de 2º, 3º y 4º grados | ||
| 300 | _a415-440 | ||
| 362 | 0 | _a2011 Vol. 16, no. 49 (2), abr.-jun. | |
| 653 | 0 | _aCOMPRENSION LECTORA | |
| 653 | 0 | _aEDUCACION BASICA | |
| 653 | 0 | _aLIBRO DE TEXTO GRATUITO | |
| 905 | _aArticulo | ||
| 999 |
_c153473 _d153473 |
||